000 00409nam a2200145Ia 4500
008 231217s9999 xx 000 0 und d
041 _aEnglish
082 _a658.3 SHA;1 R
100 _aSharan, M B Suar, Damodar
245 0 _aManagement through interpersonal relationships
260 _c2004
_bJaico
_aMumbai
300 _a388
650 _aManagement,through,interpersonal,relationships
942 _cAA
999 _c171202
_d171202